El girasol y el maní /

Guardado en:
Autor Principal: Peña-Bermúdez, M.
Formato: Libro
Publicado: Buenos Aires : Atlántida, 1947.
Series:Biblioteca de la Chacra
Etiquetas: Agregar Etiqueta
Sin Etiquetas, Sea el primero en etiquetar este registro!
LEADER 00479nam a22001575a 4500
001 EEA.libagro004892
005 20181019123329.0
008 130809s1947####ag#a###########00##0#spa#
082 0 4 |a 633.85 
082 0 4 |a 633.368 
100 1 |a Peña-Bermúdez, M. 
245 1 3 |a El girasol y el maní /  |c M. Peña-Bermúdez. 
260 |a Buenos Aires :  |b Atlántida,  |c 1947. 
300 |a 257 p. :  |b il. ;  |c 18 cm. 
490 1 |a Biblioteca de la Chacra 
859 |a AR-BbBCA  |b BIB. AGRONOMIA  |h 633.85  |i P419  |p 1995/2143